[Event "WINNERS tourney (New members 1-7/2006)"]
[Site "SchemingMind.com"]
[Date "2006.10.07"]
[Round "-"]
[White "bahus"]
[Black "PackoJones1000"]
[Result "0-1"]
[WhiteCountry "FIN"]
[BlackCountry "ESP"]
[WhiteElo "1890"]
[WhiteRD "89"]
[BlackElo "2233"]
[BlackRD "70"]
[GameID "70926"]

1. e4 e5 2. f4 Bc5 3. Nf3 d6 4. c3 Qe7 5. d4 exd4 6. cxd4 Bb6 7. Nc3 Bg4 8. Be2 Nc6 9. Be3 Nf6 10. Qd3 O-O
11. O-O Nb4 12. Qb1 Nxe4 13. Qxe4 Qxe4 14. Nxe4 Rae8 15. Bd2 Rxe4 16. Bxb4 Rxe2 17. Bc3 Rfe8 18. Rae1 Bxf3 19. gxf3 Bxd4+
0-1

[Event "WINNERS tourney (New members 1-7/2006)"]
[Site "SchemingMind.com"]
[Date "2006.10.07"]
[Round "-"]
[White "PackoJones1000"]
[Black "bahus"]
[Result "1-0"]
[WhiteCountry "ESP"]
[BlackCountry "FIN"]
[WhiteElo "2230"]
[WhiteRD "72"]
[BlackElo "1867"]
[BlackRD "91"]
[GameID "70927"]

1. e4 e5 2. Nf3 Nc6 3. Bb5 a6 4. Ba4 Nf6 5. Qe2 b5 6. Bb3 Bc5 7. c3 O-O 8. d3 d5 9. exd5 Nxd5 10. Qe4 Be6
11. Ng5 g6 12. O-O Qd7 13. Nxe6 fxe6 14. Bh6 Rf5 15. Nd2 Re8 16. Nf3 Nf6 17. Qe2 Ng4 18. Bg5 Kg7 19. h3 h5 20. hxg4 hxg4
21. Nd2 g3 22. Be3 Bxe3 23. Qxe3
1-0

[Event "WINNERS tourney (New members 1-7/2006)"]
[Site "SchemingMind.com"]
[Date "2006.10.10"]
[Round "-"]
[White "Fresh air"]
[Black "PackoJones1000"]
[Result "0-1"]
[WhiteCountry "RSA"]
[BlackCountry "ESP"]
[WhiteElo "1933"]
[WhiteRD "128"]
[BlackElo "2263"]
[BlackRD "72"]
[GameID "71456"]

1. e4 e5 2. Nf3 Nf6 3. Nxe5 d6 4. Nf3 Nxe4 5. Nc3 Nxc3 6. dxc3 Be7 7. Bf4 O-O 8. Qd2 Nd7 9. O-O-O Nc5 10. Be3 Bg4
11. Be2 Re8 12. Rhe1 Be6 13. Kb1 c6 14. Nd4 Bd7 15. Bf3 Qc7 16. Bg5 Bf8 17. h4 d5 18. h5 h6 19. Be3 Ne4 20. Qc1 Nf6
21. Rh1 Rad8 22. Rdg1 c5 23. Nb3 Bg4 24. Bf4 Bd6 25. Be3= Re6 26. Rh4 Bxf3 27. gxf3 Kh7 28. Qf1 Kh8 29. Qg2 Rg8 30. Qh3 b6
31. Nc1 a5 32. Ne2 b5
0-1

[Event "WINNERS tourney (New members 1-7/2006)"]
[Site "SchemingMind.com"]
[Date "2006.10.10"]
[Round "-"]
[White "Fresh air"]
[Black "bahus"]
[Result "1-0"]
[WhiteCountry "RSA"]
[BlackCountry "FIN"]
[WhiteElo "1934"]
[WhiteRD "141"]
[BlackElo "1867"]
[BlackRD "91"]
[GameID "71457"]

1. e4 e5 2. Nf3 Nc6 3. Bb5 a6 4. Ba4 Nf6 5. O-O Be7 6. Re1 b5 7. Bb3 O-O 8. c3 d5 9. exd5 Nxd5 10. Nxe5 Nxe5
11. Rxe5 c6 12. g3 Bd6 13. Re1 Qd7 14. d3 Qh3 15. Re4 g5 16. Bxg5 Qf5 17. Bh6
1-0

[Event "WINNERS tourney (New members 1-7/2006)"]
[Site "SchemingMind.com"]
[Date "2006.10.11"]
[Round "-"]
[White "PackoJones1000"]
[Black "Fresh air"]
[Result "1-0"]
[WhiteCountry "ESP"]
[BlackCountry "RSA"]
[WhiteElo "2263"]
[WhiteRD "72"]
[BlackElo "1933"]
[BlackRD "128"]
[GameID "71458"]

1. e4 e5 2. Nf3 Nc6 3. Bb5 Nf6 4. d3 Bc5 5. Bxc6 dxc6 6. Be3 Qd6 7. Bxc5 Qxc5 8. Nbd2 Nh5 9. Nc4 Nf4 10. g3 Ng6
11. Qe2 f6 12. Qe3 Qxe3+ 13. Nxe3 Be6 14. h4 h5 15. Ke2 O-O-O= 16. c3 Rd7 17. b4 Rhd8 18. Rhd1 Nh8 19. Ne1 g5 20. hxg5 fxg5
21. Nf3 Nf7 22. Rh1 g4 23. Ne1 Rh8 24. f4 gxf3+ 25. Nxf3 Rdd8 26. a4 Rdg8 27. Rag1 Rh6 28. Rh4 Kd7 29. g4 hxg4 30. Nxe5+ Ke7
31. Rxh6 Nxh6 32. Kf2 Kf6 33. d4 Kg5 34. Kg3 Rf8 35. Rh1 a6 36. a5 Bc8 37. Nd1 Be6 38. Nf2 Bc8 39. Nfd3 Rf6 40. c4 Rf8
41. d5 cxd5 42. cxd5
1-0

[Event "WINNERS tourney (New members 1-7/2006)"]
[Site "SchemingMind.com"]
[Date "2006.10.10"]
[Round "-"]
[White "bahus"]
[Black "Fresh air"]
[Result "0-1"]
[WhiteCountry "FIN"]
[BlackCountry "RSA"]
[WhiteElo "1874"]
[WhiteRD "93"]
[BlackElo "1966"]
[BlackRD "125"]
[GameID "71459"]

1. e4 e5 2. f4 exf4 3. Nf3 d6 4. d4 g5 5. h4 g4 6. Ng1 Bh6 7. Nc3 Nc6 8. Nge2 f3 9. Nf4 f2+ 10. Kxf2 g3+
11. Kxg3 Nf6 12. Be2 Rg8+ 13. Kf2 Ng4+ 14. Bxg4 Bxg4 15. Qd3 Bg7 16. Be3 Qd7 17. Ncd5 O-O-O 18. b4 Rde8 19. Rab1 Ne7 20. b5 Nxd5
21. Nxd5 f5 22. b6 cxb6 23. Rxb6 fxe4 24. Qc4+ Kb8 25. Rb5 Rc8 26. Qb3 Rgf8+ 27. Ke1 Rxc2 28. Qxc2 Qxb5 29. Qc7+ Ka8 30. Qd8+ Rxd8
31. Nc7+ Kb8 32. Nxb5 a6 33. Nc3 d5 34. Rf1 Rd7 35. Kd2 b5 36. Bf4+ Kb7 37. Ke3 Kb6 38. Rb1 Ka5 39. a3 Bf8 40. Rb3 Be6
41. Be5 h5
0-1

[Event "WINNERS tourney (New members 1-7/2006)"]
[Site "SchemingMind.com"]
[Date "2006.11.02"]
[Round "-"]
[White "cedriczg"]
[Black "PackoJones1000"]
[Result "0-1"]
[WhiteCountry "URU"]
[BlackCountry "ESP"]
[WhiteElo "1741"]
[WhiteRD "107"]
[BlackElo "2263"]
[BlackRD "72"]
[GameID "74762"]

1. d4 Nf6 2. Nc3 c5 3. d5 g6 4. e4 d6 5. Bd3 Bg7 6. Bd2 O-O 7. Nh3 Qb6 8. Na4 Qc7 9. O-O Bxh3 10. gxh3 c4
11. Be2 Nxe4 12. Rb1 Nd7 13. f3 Nxd2 14. Qxd2 b5 15. Nc3 Qa5 16. a3 Nb6 17. Rfd1 Bxc3 18. Qxc3 Qxc3 19. bxc3 Na4 20. Rxb5 Nxc3
21. Rb4 Nxe2+ 22. Kf2 Nc3 23. Rxc4 Nxd1+
0-1

[Event "WINNERS tourney (New members 1-7/2006)"]
[Site "SchemingMind.com"]
[Date "2006.11.05"]
[Round "-"]
[White "cedriczg"]
[Black "Fresh air"]
[Result "0-1"]
[WhiteCountry "URU"]
[BlackCountry "RSA"]
[WhiteElo "1697"]
[WhiteRD "99"]
[BlackElo "2072"]
[BlackRD "115"]
[GameID "74763"]

1. e4 e5 2. Nc3 Nf6 3. Nf3 Nc6 4. Bc4 Bb4 5. Nd5 Ba5 6. O-O d6 7. d3 h6 8. h3 O-O 9. a3 Nxd5 10. Bxd5 Bb6
11. Qe2 Qf6 12. Be3 Ne7 13. Bb3 Bd7 14. a4 c6 15. a5 Bc7 16. d4 Qg6 17. Nh4 Qxe4 18. Nf3 exd4 19. Nxd4 Nd5 20. Bxd5 Qxd5
21. b4 Qe4 22. Rfe1 d5 23. Qd2 Qg6 24. Kf1 Qf6 25. Nf3 Bxh3 26. Bd4 Qxf3 27. gxh3 Qxh3+ 28. Ke2 Rae8+ 29. Kd1 Rxe1+ 30. Qxe1 Qg4+
31. Kc1 Qxd4 32. Kb1 Be5 33. Ra2 Qc3 34. Qxc3 Bxc3 35. a6 b6 36. b5 c5 37. Ra3 d4 38. Ka2 h5 39. Rb3 Re8 40. Rb1 c4
41. Rf1 Re5 42. f4 Rxb5 43. f5 Ra5+
0-1

[Event "WINNERS tourney (New members 1-7/2006)"]
[Site "SchemingMind.com"]
[Date "2006.11.02"]
[Round "-"]
[White "cedriczg"]
[Black "bahus"]
[Result "0-1"]
[WhiteCountry "URU"]
[BlackCountry "FIN"]
[WhiteElo "1697"]
[WhiteRD "99"]
[BlackElo "1922"]
[BlackRD "91"]
[GameID "74764"]

1. d4 Nf6 2. Nc3 d5 3. Nf3 g6 4. Bg5 Nbd7 5. Ne5 Bg7 6. e3 c6 7. Bd3 O-O 8. h4 Nxe5 9. dxe5 Nd7 10. h5 Nxe5
11. h6 Bh8 12. f4 Ng4 13. Qd2 Qb6 14. Nd1 e5 15. g3 Re8 16. Be2 exf4 17. Bxf4 Bf5 18. Rh4 Nf6 19. g4 Bd7 20. c3 Ne4
21. Qc1 g5 22. Bxg5 Nxg5 23. b4 Qc7 24. Kd2 Qg3 25. Rh1 Qg2 26. Rf1 Bxg4 27. Rf2 Ne4+ 28. Kd3 Nxf2+ 29. Nxf2 Bf5+ 30. Kd2 Qxf2
31. Qf1 Qxe3+ 32. Kd1 Bxc3 33. Qg2+ Bg6 34. Bh5 Qe1#
0-1

[Event "WINNERS tourney (New members 1-7/2006)"]
[Site "SchemingMind.com"]
[Date "2006.11.03"]
[Round "-"]
[White "PackoJones1000"]
[Black "cedriczg"]
[Result "1-0"]
[WhiteCountry "ESP"]
[BlackCountry "URU"]
[WhiteElo "2263"]
[WhiteRD "72"]
[BlackElo "1741"]
[BlackRD "107"]
[GameID "74766"]

1. e4 g6 2. d4 d6 3. c3 Nf6 4. Bd3 Nbd7 5. Nf3 Bg7 6. O-O O-O 7. Re1 e5 8. Nbd2 b6 9. a4 Bb7 10. a5 a6
11. axb6 Nxb6 12. Nb3 Qd7 13. dxe5 dxe5 14. Nc5 Qc6 15. Nxb7 Qxb7 16. Nxe5 Nh5 17. Nf3 Rfd8 18. Qe2 a5 19. e5 Re8 20. Be4 c6
21. g4 f5 22. gxf5 gxf5 23. Bxf5 Nd5 24. Ra4 Qf7 25. Bxh7+ Kh8 26. Ng5 Qf8 27. Qxh5 Bh6 28. Rh4 Re7 29. Be4 Rxe5 30. Nf7+ Kg7
31. Qg6#
1-0

[Event "WINNERS tourney (New members 1-7/2006)"]
[Site "SchemingMind.com"]
[Date "2006.11.06"]
[Round "-"]
[White "Fresh air"]
[Black "cedriczg"]
[Result "1-0"]
[WhiteCountry "RSA"]
[BlackCountry "URU"]
[WhiteElo "1933"]
[WhiteRD "128"]
[BlackElo "1741"]
[BlackRD "107"]
[GameID "74767"]

1. e4 e5 2. Nf3 Nc6 3. Bb5 Bd6 4. O-O Nf6 5. d4 O-O 6. Bxc6 bxc6 7. dxe5 Ba6 8. Re1 Bc5 9. exf6 Qxf6 10. Qxd7 Bb6
11. Nc3 Rad8 12. Qf5 Qe6 13. Qxe6 fxe6 14. Be3 Rf6 15. Rad1 Rdf8 16. Rd2 Rg6 17. Ne5 Rgf6 18. Nd7 R6f7 19. Nxf8 Rxf8 20. Bxb6 cxb6
21. Rd7 Ra8 22. Red1 h6 23. Rd8+ Rxd8 24. Rxd8+ Kh7 25. Rd7 Bc4 26. Rxa7 b5 27. b3
1-0

[Event "WINNERS tourney (New members 1-7/2006)"]
[Site "SchemingMind.com"]
[Date "2006.11.03"]
[Round "-"]
[White "bahus"]
[Black "cedriczg"]
[Result "1-0"]
[WhiteCountry "FIN"]
[BlackCountry "URU"]
[WhiteElo "1922"]
[WhiteRD "91"]
[BlackElo "1697"]
[BlackRD "99"]
[GameID "74768"]

1. e4 e5 2. f4 exf4 3. Nf3 Nf6 4. e5 Nh5 5. d4 d6 6. Bc4 d5 7. Bb3 Bg4 8. Nc3 Bb4 9. Qd3 c6 10. O-O O-O
11. Ne2 g6 12. Nxf4 Ng7 13. c3 Be7 14. Bd2 Bf5 15. Qe2 Be4 16. Rae1 Nd7 17. c4 Nb6 18. cxd5 Bxd5 19. Nxd5 Nxd5 20. Bh6 Re8
21. Bxg7 Kxg7 22. Qe4 Qd7 23. h4 Rad8 24. Ng5 Bxg5 25. hxg5 Re7 26. Qh4 Nc7 27. Qh6+ Kh8 28. Re4 Ne6 29. Bxe6 fxe6 30. Rf8+
1-0

[Event "WINNERS tourney (New members 1-7/2006)"]
[Site "SchemingMind.com"]
[Date "2006.11.04"]
[Round "-"]
[White "MrPerry"]
[Black "PackoJones1000"]
[Result "1/2-1/2"]
[WhiteCountry "USA"]
[BlackCountry "ESP"]
[WhiteElo "1874"]
[WhiteRD "72"]
[BlackElo "2230"]
[BlackRD "72"]
[GameID "75004"]

1. e4 e5 2. Nf3 Nc6 3. Bc4 Nd4 4. Nxd4 exd4 5. d3 d5 6. Bxd5 Nf6 7. Bb3 Bd6 8. h3 O-O 9. Nd2 a5 10. a3 a4
11. Ba2 c5 12. Nc4 Bc7 13. Bg5 b5 14. Nd2 h6 15. Bh4 Be6 16. Bxe6 fxe6 17. O-O Bf4 18. Bg3 Bxg3 19. fxg3 Qc7 20. g4 Nd7
21. Nf3 Ne5 22. Nxe5 Rxf1+ 23. Qxf1 Qxe5 24. Qe2 Rc8 25. Rf1 c4 26. Qf3 Kh7 27. Rf2 c3 28. bxc3 Rxc3 29. Qf8 Qc5 30. Qe8 Rxc2
31. Rf8 Rc1+= 32. Kf2 Rf1+ 33. Kxf1 Qc1+ 34. Kf2 Qe3+ 35. Kf1 Qc1+ 36. Kf2=
1/2-1/2

[Event "WINNERS tourney (New members 1-7/2006)"]
[Site "SchemingMind.com"]
[Date "2006.11.05"]
[Round "-"]
[White "MrPerry"]
[Black "Fresh air"]
[Result "1/2-1/2"]
[WhiteCountry "USA"]
[BlackCountry "RSA"]
[WhiteElo "1874"]
[WhiteRD "72"]
[BlackElo "1934"]
[BlackRD "141"]
[GameID "75005"]

1. e4 e5 2. Bc4 Nf6 3. d4 exd4 4. Nf3 Nc6 5. Ng5 Ne5 6. Qxd4 Nxc4 7. Qxc4 d5 8. exd5 Qxd5 9. Qe2+ Be7 10. O-O Bd7
11. Nc3 Qc5 12. Be3 Qf5 13. Bd2 Ng8 14. Rfe1 O-O-O=
1/2-1/2

[Event "WINNERS tourney (New members 1-7/2006)"]
[Site "SchemingMind.com"]
[Date "2006.11.05"]
[Round "-"]
[White "MrPerry"]
[Black "bahus"]
[Result "0-1"]
[WhiteCountry "USA"]
[BlackCountry "FIN"]
[WhiteElo "1860"]
[WhiteRD "74"]
[BlackElo "1874"]
[BlackRD "93"]
[GameID "75006"]

1. e4 e5 2. Bc4 Nf6 3. d4 exd4 4. Nf3 Nc6 5. Ng5 d5 6. exd5 Na5 7. Qxd4 Nxc4 8. Qxc4 Qxd5 9. Qxd5 Nxd5 10. a3 f6
11. Nf3 Bg4 12. Nbd2 O-O-O 13. h3 Bf5 14. c3 Nf4 15. O-O g5 16. Nd4 Bg6 17. N2f3 Nd3 18. Ne6 Rd6 19. Nxf8 Rxf8 20. Be3 Nxb2
21. Bc5 Rfd8 22. Bxd6 Rxd6 23. Nd4 Nc4 24. g4 c5 25. Nb3 b6 26. f4 Rd3 27. f5 Bf7 28. Rfd1 Rxh3 29. Kg2 Rxc3 30. Nc1 Ne3+
31. Kg1 Nxd1
0-1

[Event "WINNERS tourney (New members 1-7/2006)"]
[Site "SchemingMind.com"]
[Date "2006.11.05"]
[Round "-"]
[White "MrPerry"]
[Black "cedriczg"]
[Result "1/2-1/2"]
[WhiteCountry "USA"]
[BlackCountry "URU"]
[WhiteElo "1860"]
[WhiteRD "74"]
[BlackElo "1752"]
[BlackRD "108"]
[GameID "75008"]

1. e4 c5 2. Nf3 e6 3. d4 Nf6 4. e5 Ne4 5. Bd3 f5 6. Nc3 Qa5 7. Bxe4 fxe4 8. Ng5 Nc6 9. Qf3 Nxd4 10. Qf7+ Kd8
11. O-O b5 12. Nxh7 Rxh7 13. Qxf8+ Kc7 14. Qxc5+ Nc6 15. Qxb5 Qxb5 16. Nxb5+ Kb6 17. Na3 Nxe5 18. Bf4 Ng6 19. Be3+ Kc7 20. Nb5+ Kd8
21. Bg5+ Ne7 22. Rfe1 d5 23. Rad1 Rh5 24. h4 Kd7 25. Bxe7 Kxe7 26. g3 Bd7 27. Nd4 g5 28. b3 Rah8 29. Kg2 gxh4 30. g4 Rg5
31. Kh3 e5 32. Nf5+ Bxf5 33. gxf5 Rxf5 34. Rxd5 Rg8 35. Re3 Rxf2 36. Rxe5+ Kf6 37. R5xe4 Rh8 38. Rxh4 Rxh4+ 39. Kxh4 Rxc2 40. a4 Rc7
41. Kg4 Rb7 42. Kf4 Rb4+=
1/2-1/2

[Event "WINNERS tourney (New members 1-7/2006)"]
[Site "SchemingMind.com"]
[Date "2006.11.04"]
[Round "-"]
[White "PackoJones1000"]
[Black "MrPerry"]
[Result "1-0"]
[WhiteCountry "ESP"]
[BlackCountry "USA"]
[WhiteElo "2230"]
[WhiteRD "72"]
[BlackElo "1874"]
[BlackRD "72"]
[GameID "75009"]

1. e4 e5 2. Nf3 Nc6 3. Bb5 a6 4. Ba4 Nf6 5. O-O Nxe4 6. d4 b5 7. Bb3 d5 8. Nxe5 Nxe5 9. dxe5 Be6 10. Nd2 Nc5
11. Nf3 Nxb3 12. axb3 Be7 13. Nd4 c5 14. Nxe6 fxe6 15. Qg4 Kd7 16. c4 d4 17. Bd2 b4 18. Qf3 Ra7 19. Rfe1 Rf8 20. Qg4 Rf7
21. Re4 Qf8 22. Rxd4+ Kc6 23. Qxe6+ Kb7 24. Rd7+ Kb8 25. Qb6+
1-0

[Event "WINNERS tourney (New members 1-7/2006)"]
[Site "SchemingMind.com"]
[Date "2006.11.05"]
[Round "-"]
[White "Fresh air"]
[Black "MrPerry"]
[Result "1/2-1/2"]
[WhiteCountry "RSA"]
[BlackCountry "USA"]
[WhiteElo "1934"]
[WhiteRD "141"]
[BlackElo "1874"]
[BlackRD "72"]
[GameID "75010"]

1. e4 e5 2. Nf3 Nc6 3. Bb5 f5 4. Nc3 fxe4 5. Nxe4 d5 6. Nxe5 dxe4 7. Nxc6 Qg5 8. Qe2 Nf6 9. f4 Qxf4 10. Ne5+ c6
11. d4 Qh4+ 12. g3 Qh3=
1/2-1/2

[Event "WINNERS tourney (New members 1-7/2006)"]
[Site "SchemingMind.com"]
[Date "2006.11.05"]
[Round "-"]
[White "bahus"]
[Black "MrPerry"]
[Result "1/2-1/2"]
[WhiteCountry "FIN"]
[BlackCountry "USA"]
[WhiteElo "1874"]
[WhiteRD "93"]
[BlackElo "1860"]
[BlackRD "74"]
[GameID "75011"]

1. e4 e5 2. f4 f5 3. exf5 exf4 4. Qh5+ g6 5. fxg6 Qe7+ 6. Kd1 Kd8 7. Nf3 Nf6 8. Qh4 Nc6 9. Bc4 Qg7 10. Nc3 hxg6
11. Qxf4 Bd6 12. Qe3 Ng4 13. Qg5+ Nf6 14. Nd5 Be7 15. Nxe7 Nxe7 16. d3 d5 17. Bb3 Bg4 18. Be3 Bxf3+ 19. gxf3 Nf5 20. Bf4 Rh5
21. Qg2 Kd7= 22. Kd2 c6 23. Rae1 Nd4 24. h4 Nxb3+ 25. axb3 Rf5 26. Bg5 Re8 27. Rxe8 Nxe8 28. Re1 Nf6 29. Qg3 Qf8 30. Qf2 Qb4+
31. Kc1 Rxf3 32. Qe2 Rf5 33. c3 Qd6 34. Kd2=
1/2-1/2

[Event "WINNERS tourney (New members 1-7/2006)"]
[Site "SchemingMind.com"]
[Date "2006.11.05"]
[Round "-"]
[White "cedriczg"]
[Black "MrPerry"]
[Result "0-1"]
[WhiteCountry "URU"]
[BlackCountry "USA"]
[WhiteElo "1697"]
[WhiteRD "99"]
[BlackElo "1876"]
[BlackRD "73"]
[GameID "75013"]

1. d4 d5 2. c4 e6 3. cxd5 exd5 4. Nf3 c6 5. g3 Bd6 6. Bg2 Bf5 7. O-O Nf6 8. Bg5 Nbd7 9. Nc3 h6 10. Bxf6 Nxf6
11. Nh4 Bh7 12. e4 dxe4 13. Nxe4 Nxe4 14. Bxe4 O-O 15. Bxh7+ Kxh7 16. Qd3+ Kg8 17. Nf5 Qf6 18. Rad1 Rad8 19. Rfe1 Rfe8 20. Ne3 Bc5
21. Ng4 Rxe1+ 22. Rxe1 Qxd4 23. Qxd4 Rxd4 24. Re8+ Kh7 25. Ne5 Rd1+ 26. Kg2 Re1 27. f4 f6 28. Kh3 fxe5 29. fxe5 Re2 30. e6 Rxb2
31. e7 Re2 32. g4 Bd6 33. g5 Rxe7 34. Rd8 Bc5 35. gxh6 Kxh6 36. Kg4 Kg6 37. Rd2 Rf7 38. h4 Rf2 39. Rd7 Rxa2 40. Rxb7 Ra4+
41. Kg3 Bd6+ 42. Kh3 Ra3+ 43. Kg2 Be5 44. Re7 Bf6 45. Re6 c5 46. Rc6 Ra5 47. Kg3 Kf5 48. Rc8 Ra3+ 49. Kg2 Bd4 50. Rh8 Kg4
51. h5 Ra2+ 52. Kf1 Kf3 53. Rf8+ Kg4
0-1

[Event "WINNERS tourney (New members 1-7/2006)"]
[Site "SchemingMind.com"]
[Date "2006.11.16"]
[Round "-"]
[White "NebAnphu"]
[Black "MrPerry"]
[Result "1-0"]
[WhiteCountry "POL"]
[BlackCountry "USA"]
[WhiteElo "2015"]
[WhiteRD "93"]
[BlackElo "1876"]
[BlackRD "73"]
[GameID "77118"]

1. e4 e5 2. Bc4 Nf6 3. d3 c6 4. Nf3 d5 5. Bb3 Bd6 6. exd5 cxd5 7. Bg5 d4 8. Nbd2 O-O 9. O-O Nc6 10. Re1 h6
11. Bh4 Bg4 12. h3 Bh5 13. Ne4 g5 14. Nxd6 Qxd6 15. Bg3 Rae8 16. Rc1 Nd7 17. c3 Qf6 18. Bd5 Ne7 19. Be4 Nf5 20. Bh2 Nh4
21. g4 Nxf3+ 22. Qxf3 Qxf3 23. Bxf3 Bg6 24. cxd4 Bxd3 25. dxe5 Ba6 26. Rc7
1-0

[Event "WINNERS tourney (New members 1-7/2006)"]
[Site "SchemingMind.com"]
[Date "2006.11.16"]
[Round "-"]
[White "NebAnphu"]
[Black "PackoJones1000"]
[Result "1/2-1/2"]
[WhiteCountry "POL"]
[BlackCountry "ESP"]
[WhiteElo "2015"]
[WhiteRD "93"]
[BlackElo "2222"]
[BlackRD "79"]
[GameID "77119"]

1. e4 e5 2. Bc4 d6 3. Nc3 Nc6 4. d3 Na5 5. Qf3 Nf6 6. h3 Nxc4 7. dxc4 c6 8. Bg5 Be6 9. b3 Be7 10. Nge2 h6
11. Bxf6 Bxf6 12. Rd1 Be7 13. O-O Qa5 14. a4 f6 15. Qh5+ Bf7 16. Qf3 Rd8 17. Qg4 g6 18. Rd3 Qc5 19. Rfd1 h5 20. Qg3 O-O
21. Nc1 Kh7 22. R3d2 f5 23. Nd3 Qd4 24. Nc1 Qb6 25. Rd3 Be6 26. Qe3 Qxe3 27. Rxe3 b6 28. Re2 a5 29. f3= f4 30. Red2 g5
31. Nd3 Kg6 32. Nf2 Rh8 33. Ne2 Rd7=
1/2-1/2

[Event "WINNERS tourney (New members 1-7/2006)"]
[Site "SchemingMind.com"]
[Date "2006.11.16"]
[Round "-"]
[White "NebAnphu"]
[Black "Fresh air"]
[Result "0-1"]
[WhiteCountry "POL"]
[BlackCountry "RSA"]
[WhiteElo "2015"]
[WhiteRD "93"]
[BlackElo "2072"]
[BlackRD "115"]
[GameID "77120"]

1. e4 c5 2. Nc3 Nc6 3. g3 g6 4. Bg2 Bg7 5. d3 d6 6. Be3 Rb8 7. Qd2 b5 8. Nge2 b4 9. Nd1 Qb6 10. O-O a5
11. c3 Ba6 12. f4 Nf6 13. Nf2 O-O 14. Rac1 bxc3 15. bxc3 Rfc8 16. Qd1 Qb2 17. Rc2 Qb5 18. h3 e6 19. g4 Nd7 20. h4 Ne7
21. Ng3 d5 22. c4 dxc4 23. dxc4 Qa4 24. Qe2 Nc6 25. e5 Nb4 26. Rd2 Nb6 27. Rc1 Qa3 28. Rd6 Nxc4 29. Rxa6 Nxe3
0-1

[Event "WINNERS tourney (New members 1-7/2006)"]
[Site "SchemingMind.com"]
[Date "2006.11.16"]
[Round "-"]
[White "NebAnphu"]
[Black "bahus"]
[Result "1-0"]
[WhiteCountry "POL"]
[BlackCountry "FIN"]
[WhiteElo "2015"]
[WhiteRD "93"]
[BlackElo "1922"]
[BlackRD "91"]
[GameID "77121"]

1. e4 e5 2. Bc4 Nf6 3. d3 c6 4. Nf3 d5 5. Bb3 Qc7 6. O-O Bg4 7. h3 Bh5 8. g4 Bg6 9. exd5 Bd6 10. Nc3 O-O
11. Qe2 Re8 12. Bg5 Nxd5 13. Nxd5 cxd5 14. Bxd5 Nc6 15. c3 h6 16. Bd2 Rad8 17. Be4 Bxe4 18. dxe4 Ne7 19. Rfd1 Ng6 20. Kg2 a5
21. Qb5 Bc5 22. b4 axb4 23. cxb4 Bd4 24. Rac1 Qb6 25. Nxd4 Qxd4 26. Qxb7 Qb2 27. Be3 Qxa2 28. Rxd8 Rxd8 29. Qc7 Rd3 30. Qc8+ Kh7
31. Qc4
1-0

[Event "WINNERS tourney (New members 1-7/2006)"]
[Site "SchemingMind.com"]
[Date "2006.11.17"]
[Round "-"]
[White "NebAnphu"]
[Black "cedriczg"]
[Result "1-0"]
[WhiteCountry "POL"]
[BlackCountry "URU"]
[WhiteElo "2022"]
[WhiteRD "97"]
[BlackElo "1701"]
[BlackRD "101"]
[GameID "77123"]

1. e4 e5 2. Bc4 Nf6 3. d3 Be7 4. Nc3 O-O 5. f4 Nc6 6. Nf3 exf4 7. Bxf4 Nh5 8. Be3 d6 9. O-O Bg4 10. a3 Ne5
11. Bb3 Bg5 12. Qd2 Bxe3+ 13. Qxe3 Bxf3 14. gxf3 Ng6 15. Kh1 Qh4 16. Qf2 Qh3 17. Ne2 Kh8 18. Qg2 Ngf4 19. Qxh3 Nxh3 20. f4 g5
21. fxg5 Nxg5 22. Rf5 f6 23. Raf1 Rae8 24. h4 Ng7 25. Rxf6 Rxf6 26. Rxf6 N5e6 27. Kg2 Nc5 28. Bc4 a6 29. b4 Nce6 30. c3 Nf8
31. Nf4 b5 32. Bb3
1-0

[Event "WINNERS tourney (New members 1-7/2006)"]
[Site "SchemingMind.com"]
[Date "2006.11.16"]
[Round "-"]
[White "MrPerry"]
[Black "NebAnphu"]
[Result "0-1"]
[WhiteCountry "USA"]
[BlackCountry "POL"]
[WhiteElo "1860"]
[WhiteRD "74"]
[BlackElo "2112"]
[BlackRD "125"]
[GameID "77124"]

1. e4 d5 2. exd5 Nf6 3. c4 e6 4. dxe6 Bxe6 5. Nf3 Qe7 6. Qe2 Nc6 7. d4 Bg4 8. Be3 O-O-O 9. d5 Ne5 10. Nc3 c6
11. h3 Bxf3 12. gxf3 cxd5 13. O-O-O dxc4 14. Rxd8+ Qxd8 15. Bxa7 Nd3+ 16. Kb1 b6 17. Bg2 Qc7 18. Nb5 Qc5 19. a4 Nf4 20. Qf1 Qf5+
21. Ka2 Qc2 22. Nc3 Qb3+ 23. Ka1 Nd3 24. Qe2 Kb7
0-1

[Event "WINNERS tourney (New members 1-7/2006)"]
[Site "SchemingMind.com"]
[Date "2006.11.16"]
[Round "-"]
[White "PackoJones1000"]
[Black "NebAnphu"]
[Result "1/2-1/2"]
[WhiteCountry "ESP"]
[BlackCountry "POL"]
[WhiteElo "2222"]
[WhiteRD "79"]
[BlackElo "2015"]
[BlackRD "93"]
[GameID "77125"]

1. e4 d5 2. exd5 Nf6 3. d4 Bg4 4. f3 Bf5 5. Bb5+ Nbd7 6. c4 e6 7. dxe6 Bxe6 8. Nc3 a6 9. Ba4 Bxc4 10. Nge2 Be7
11. Bb3 Bxb3 12. Qxb3 Nb6 13. O-O O-O 14. Bf4 Re8 15. Be5 a5 16. Nb5 a4 17. Qd3 Nbd5 18. Rfe1 c6 19. Nbc3 Nxc3 20. bxc3 b5
21. Ng3 Bd6 22. Bxd6 Qxd6 23. Ne4 Qd8 24. Nxf6+ Qxf6 25. Re4 Re6 26. Rae1 Rae8 27. Rxe6 Rxe6 28. Rxe6 Qxe6 29. Qe4 Kf8 30. Qxe6=
1/2-1/2

[Event "WINNERS tourney (New members 1-7/2006)"]
[Site "SchemingMind.com"]
[Date "2006.11.21"]
[Round "-"]
[White "Fresh air"]
[Black "NebAnphu"]
[Result "1-0"]
[WhiteCountry "RSA"]
[BlackCountry "POL"]
[WhiteElo "2072"]
[WhiteRD "115"]
[BlackElo "2015"]
[BlackRD "93"]
[GameID "77126"]

1. f4 d5 2. Nf3 c5 3. e3 e6 4. b3 Nf6 5. Bb2 Be7 6. Bb5+ Bd7 7. a4 O-O 8. O-O Qb6 9. Na3 Bxb5 10. axb5 a6
11. Qe2 Nbd7 12. c4 Rfd8 13. d3 axb5 14. Nxb5 Ra6 15. e4 d4 16. e5 Ne8 17. b4 Nb8 18. bxc5 Bxc5 19. Ng5 h6 20. Ne4 Nc6
21. Qf2 Be7 22. f5 Nxe5 23. Bxd4 Rxd4 24. Rxa6 bxa6 25. Qxd4 Qxd4+ 26. Nxd4 Nxd3 27. fxe6 fxe6 28. Nxe6 Nf6 29. Nxf6+ Bxf6 30. c5 Kf7
31. Rd1 Ne5 32. Nd8+ Ke8 33. Nb7 Nc6 34. Rd6
1-0

[Event "WINNERS tourney (New members 1-7/2006)"]
[Site "SchemingMind.com"]
[Date "2006.11.16"]
[Round "-"]
[White "bahus"]
[Black "NebAnphu"]
[Result "1-0"]
[WhiteCountry "FIN"]
[BlackCountry "POL"]
[WhiteElo "1922"]
[WhiteRD "91"]
[BlackElo "2015"]
[BlackRD "93"]
[GameID "77127"]

1. e4 e6 2. d4 d5 3. Nd2 Nf6 4. e5 Ne4 5. Nxe4 dxe4 6. Bc4 a6 7. a4 b6 8. Nh3 Bb7 9. Nf4 Nc6 10. c3 Ne7
11. Be3 Nf5 12. O-O g6 13. Qb3 Bh6 14. Rad1 Bxf4 15. Bxf4 g5 16. Be3 Bd5 17. Bxd5 exd5 18. c4 h6 19. cxd5 Rc8 20. f3 Nxe3
21. Qxe3 Qxd5 22. fxe4 Qd7 23. Qf3 O-O 24. Qh5 Kg7 25. Rf6 Rh8 26. Rdf1 Rcf8 27. d5 Qe7 28. Qf3
1-0